|
|
|
|
| LEADER |
01626nam a2200313 a 4500 |
| 001 |
709624 |
| 005 |
20040707140321.0 |
| 008 |
090510s1998 nyua b 001 0 eng d |
| 010 |
|
|
|a \\\97030668
|
| 020 |
|
|
|a 0070371032 (alk. paper)
|
| 020 |
|
|
|a 0071157662
|
| 040 |
|
|
|a DLC
|c DLC
|d DLC
|
| 082 |
0 |
0 |
|a 621.3845
|2 21
|
| 100 |
1 |
|
|a Lee, William C. Y.
|
| 245 |
1 |
0 |
|a Mobile communications engineering :
|b theory and applications /
|c William C.Y. Lee.
|
| 250 |
|
|
|a 2nd ed.
|
| 260 |
|
|
|a New York :
|b McGraw-Hill,
|c c1998.
|
| 300 |
|
|
|a xxii, 689 p. :
|b ill. ;
|c 25 cm.
|
| 500 |
|
|
|a "McGraw-Hill telecommunications"--Cover.
|
| 504 |
|
|
|a Includes bibliographical references and index.
|
| 541 |
1 |
|
|e 00015158
|
| 650 |
|
0 |
|a Mobile communication systems.
|
| 852 |
4 |
|
|a Ayesha Abed Library
|j Generalshelf
|
| 999 |
|
|
|c 532
|d 532
|
| 952 |
|
|
|0 0
|1 0
|2 ddc
|4 0
|6 621_384500000000000_LEE_1998
|7 0
|9 10267
|a BRACUL
|b BRACUL
|c GEN
|d 2010-05-17
|l 0
|o 621.3845 LEE
|p 3010015158
|r 2010-05-17
|t 1
|w 2010-05-17
|y BK
|
| 952 |
|
|
|0 0
|1 0
|2 ddc
|4 0
|6 621_384500000000000_LEE_1998
|7 0
|9 10798
|a BRACUL
|b BRACUL
|c GEN
|d 2010-06-09
|l 0
|o 621.3845 LEE
|p 3010015155
|r 2026-05-11
|t 2
|w 2010-06-09
|y BK
|
| 952 |
|
|
|0 0
|1 0
|2 ddc
|4 0
|6 621_384500000000000_LEE_1998
|7 0
|9 10852
|a BRACUL
|b BRACUL
|c GEN
|d 2010-06-10
|l 1
|m 1
|o 621.3845 LEE
|p 3010015154
|r 2016-01-20
|s 2016-01-10
|t 3
|w 2010-06-10
|y BK
|
| 952 |
|
|
|0 0
|1 0
|2 ddc
|4 0
|6 621_384500000000000_LEE_1998
|7 0
|9 10855
|a BRACUL
|b BRACUL
|c GEN
|d 2010-06-10
|l 0
|o 621.3845 LEE
|p 3010015156
|r 2010-06-10
|t 4
|w 2010-06-10
|y BK
|
| 952 |
|
|
|0 0
|1 0
|2 ddc
|4 0
|6 621_384500000000000_LEE_1998
|7 0
|9 10856
|a BRACUL
|b BRACUL
|c GEN
|d 2010-06-10
|l 0
|o 621.3845 LEE
|p 3010015157
|r 2010-06-10
|t 5
|w 2010-06-10
|y BK
|